| 000 | 00345nam a22001451a 4500 | ||
|---|---|---|---|
| 082 |
_aH4 _bANI/M |
||
| 100 | _aAnil Tripathi (ed.) | ||
| 245 |
_aMitti ki roshni/ _cby Anil Tripathi (ed.) |
||
| 260 |
_aDelhi: _bSilpayan, _c2007. |
||
| 300 | _a286p. | ||
| 650 | _aEssays Hindi | ||
| 650 | _aLiterature Hindi | ||
| 650 | _aLiterature | ||
| 942 | _cBK | ||
| 999 |
_c29066 _d29066 |
||